| 000 | 00534cam a2200169Ki 4500 | ||
|---|---|---|---|
| 082 |
_a962 _bCRO |
||
| 100 | 1 |
_aDeLeon, Edwin, _950029 |
|
| 245 | 1 | 0 |
_aModern Egypt _bA romance of modern Egypt / _cBy Edwin De Leon. |
| 260 |
_aLondon _bCromer _c1911. |
||
| 300 | _a931 p. | ||
| 526 |
_a0 _b0 _c0 _d962_000000000000000_CRO |
||
| 650 |
_aMCE _9379 |
||
| 710 | 2 |
_aCommittee on Institutional Cooperation. _950030 |
|
| 710 | 2 |
_aIndiana University. _950031 |
|
| 856 | 4 | 0 | _uhttp://www.columbia.edu/cgi-bin/cul/resolve?clio9358277 |
| 942 |
_2ddc _cBK |
||
| 999 |
_c552762 _d552762 |
||